Atalanta Squad 2015-2016 - Statistics

General Stats
  • This quiz has been taken 15 times
  • The average score is 16 of 34
Answer Stats
# Position Nation Player % Correct
10 FW Argentina Papu Gómez
100%
93 DF Senegal Boukary Dramé
90%
57 GK Italy Marco Sportiello
90%
15 MF Netherlands Marten de Roon
90%
11 MF Switzerland Remo Freuler
90%
27 MF Slovenia Jasmin Kurtić
80%
55 DF Albania Berat Djimsiti
70%
17 MF Chile Carlos Carmona
70%
51 FW Chile Mauricio Pinilla
70%
24 DF Italy Andrea Conti
60%
77 MF Italy Cristian Raimondi
60%
19 FW Argentina Germán Denis
60%
2 DF Italy Guglielmo Stendardo
60%
7 FW Italy Marco D'Alessandro
60%
11 MF Argentina Maxi Moralez
60%
- Coach Italy Edoardo Reja
50%
3 DF Italy Rafael Tolói
50%
5 DF Italy Andrea Masiello
40%
1 GK Serbia Boris Radunović
40%
6 DF Italy Gianpaolo Bellini
40%
8 MF Italy Giulio Migliaccio
40%
21 MF Italy Luca Cigarini
40%
4 MF Italy Roberto Gagliardini
40%
13 FW Togo Serge Gakpé
40%
88 MF Italy Alberto Grassi
20%
30 GK Italy Davide Bassi
20%
29 DF Italy Gabriel Paletta
20%
45 FW Italy Gaetano Monachello
20%
33 DF Italy Nicolò Cherubin
20%
28 DF Italy Davide Brivio
10%
23 DF Italy Emanuele Suagher
10%
22 FW Italy Marco Borriello
10%
23 FW Italy Alessandro Diamanti
0%
20 MF Paraguay Marcelo Estigarribia
0%
No matching quizzes found
Score Distribution
Percent of People with Each Score
Percentile by Number Answered
Your Score History
You have not taken this quiz